[Event "EUYCC 2024 U10"]
[Site "?"]
[Date "2024.08.09"]
[Round "5.5"]
[White "Bostina, Vladimir-Ioan"]
[Black "Malchev, Nikola"]
[Result "0-1"]
[BlackElo "1561"]
[WhiteElo "1627"]
[LiveChessVersion "1.4.8"]

1. e4 {[%clk 1:30:56]} c6 {[%clk 1:30:07]} 2. d4 {[%clk 1:31:20]} d5
{[%clk 1:30:17]} 3. Nd2 {[%clk 1:31:44]} dxe4 {[%clk 1:30:03]} 4. Nxe4
{[%clk 1:32:03]} Nf6 {[%clk 1:26:26]} 5. Nxf6+ {[%clk 1:32:17]} exf6
{[%clk 1:26:00]} 6. c3 {[%clk 1:32:26]} Bd6 {[%clk 1:25:40]} 7. Bd3
{[%clk 1:32:37]} O-O {[%clk 1:25:21]} 8. Qc2 {[%clk 1:33:02]} Re8+
{[%clk 1:25:11]} 9. Ne2 {[%clk 1:32:29]} h6 {[%clk 1:21:05]} 10. Be3
{[%clk 1:31:29]} Be6 {[%clk 1:20:28]} 11. c4 {[%clk 1:18:23]} Na6
{[%clk 1:18:08]} 12. a3 {[%clk 1:18:37]} Qa5+ {[%clk 1:16:00]} 13. Bd2
{[%clk 1:01:55]} Nb4 {[%clk 1:15:57]} 14. Qb1 {[%clk 0:55:41]} Nxd3+
{[%clk 1:15:52]} 15. Qxd3 {[%clk 0:56:05]} Qh5 {[%clk 1:15:15]} 16. Be3
{[%clk 0:35:24]} b5 {[%clk 0:55:39]} 17. c5 {[%clk 0:17:48]} Bc7 {[%clk 0:54:26]}
18. b3 {[%clk 0:01:30]} Ba5+ {[%clk 0:53:19]} 19. Bd2 {[%clk 0:01:02]} Bf5
{[%clk 0:52:56]} 20. Qf3 {[%clk 0:00:35]} Bg4 {[%clk 0:53:11]} 21. Qxc6
{[%clk 0:00:42]} Bxd2+ {[%clk 0:53:03]} 22. Kxd2 {[%clk 0:00:34]} Rxe2+
{[%clk 0:53:16]} 23. Kc3 {[%clk 0:00:53]} Rc8 {[%clk 0:52:20]} 24. Qxb5
{[%clk 0:01:02]} Qd5 {[%clk 0:52:02]} 25. h3 {[%clk 0:00:56]} Qe4
{[%clk 0:51:58]} 26. Qd3 {[%clk 0:00:55]} Bd7 {[%clk 0:50:49]} 27. Qxe4
{[%clk 0:01:06]} Rxe4 {[%clk 0:51:08]} 28. Rhe1 {[%clk 0:01:00]} Re6
{[%clk 0:51:05]} 29. b4 {[%clk 0:00:46]} Bc6 {[%clk 0:50:50]} 30. Rxe6
{[%clk 0:00:55]} fxe6 {[%clk 0:51:17]} 31. f3 {[%clk 0:00:59]} a6
{[%clk 0:51:24]} 32. Re1 {[%clk 0:01:03]} Kf7 {[%clk 0:50:01]} 33. Re3
{[%clk 0:00:49]} Bb5 {[%clk 0:47:54]} 34. Re1 {[%clk 0:00:48]} Re8
{[%clk 0:47:24]} 35. g3 {[%clk 0:00:38]} Bc6 {[%clk 0:47:39]} 36. f4
{[%clk 0:00:55]} g5 {[%clk 0:48:01]} 37. Rg1 {[%clk 0:00:35]} Rg8
{[%clk 0:47:40]} 38. f5 {[%clk 0:00:35]} Re8 {[%clk 0:47:36]} 39. Re1
{[%clk 0:00:41]} exf5 {[%clk 0:47:47]} 40. Rxe8 {[%clk 0:00:52]} Kxe8
{[%clk 0:48:06]} 41. Kc4 {[%clk 0:01:09]} f4 {[%clk 0:48:25]} 42. gxf4
{[%clk 0:01:23]} gxf4 {[%clk 0:48:54]} 43. d5 {[%clk 0:01:31]} f3
{[%clk 0:49:01]} 44. Kd3 {[%clk 0:01:19]} Bxd5 {[%clk 0:49:13]} 45. a4
{[%clk 0:01:21]} Kd7 {[%clk 0:49:34]} 46. b5 {[%clk 0:01:40]} axb5
{[%clk 0:49:54]} 47. axb5 {[%clk 0:02:03]} Be6 {[%clk 0:49:39]} 48. h4
{[%clk 0:02:24]} Bd5 {[%clk 0:49:31]} 49. Ke3 {[%clk 0:02:36]} h5
{[%clk 0:49:30]} 50. Kf2 {[%clk 0:02:54]} f5 {[%clk 0:49:36]} 51. Ke3
{[%clk 0:02:07]} Bc4 {[%clk 0:48:31]} 52. Kxf3 {[%clk 0:01:05]} Bxb5
{[%clk 0:48:48]} 53. Kf4 {[%clk 0:00:52]} Kc6 {[%clk 0:48:59]} 54. Kxf5
{[%clk 0:01:18]} Be2 {[%clk 0:49:21]} 55. Kf4 {[%clk 0:01:24]} Kxc5
{[%clk 0:49:46]} 56. Ke5 {[%clk 0:01:39]} Bg4 {[%clk 0:49:57]} 57. Ke4
{[%clk 0:01:42]} Kd6 {[%clk 0:50:17]} 58. Kd4 {[%clk 0:01:58]} Bf5
{[%clk 0:50:00]} 59. Ke3 {[%clk 0:02:11]} Ke5 {[%clk 0:50:19]} 60. Kf3
{[%clk 0:02:40]} Bg4+ {[%clk 0:50:31]} 61. Ke3 {[%clk 0:02:59]} Kf5
{[%clk 0:50:43]} 62. Kf2 {[%clk 0:03:14]} Kf4 {[%clk 0:51:04]} 63. Kg2
{[%clk 0:03:40]} Bd7 {[%clk 0:51:21]} 64. Kf2 {[%clk 0:03:57]} Bc6
{[%clk 0:51:30]} 65. Kf1 {[%clk 0:04:18]} Kg3 {[%clk 0:51:53]} 66. Kg1
{[%clk 0:04:44]} Kxh4 {[%clk 0:52:14]} 67. Kh2 {[%clk 0:05:09]} Kg4
{[%clk 0:52:37]} 68. Kg1 {[%clk 0:05:35]} Kg3 {[%clk 0:53:02]} 69. Kf1
{[%clk 0:05:58]} h4 {[%clk 0:53:24]} 70. Kg1 {[%clk 0:06:18]} h3 {[%clk 0:53:48]}
71. Kf1 {[%clk 0:06:44]} h2 {[%clk 0:54:12]} 0-1

[Event "EUYCC 2024 U10"]
[Site "?"]
[Date "2024.08.09"]
[Round "5.6"]
[White "Fan, Sizhuo"]
[Black "Kopecny, Adam"]
[Result "1-0"]
[BlackElo "1720"]
[WhiteElo "1895"]
[LiveChessVersion "1.4.8"]

1. e4 {[%clk 1:30:58]} c6 {[%clk 1:30:56]} 2. d4 {[%clk 1:31:15]} d5
{[%clk 1:31:21]} 3. Nc3 {[%clk 1:31:20]} dxe4 {[%clk 1:31:46]} 4. Nxe4
{[%clk 1:28:41]} Nf6 {[%clk 1:30:00]} 5. Nxf6+ {[%clk 1:28:18]} exf6
{[%clk 1:28:37]} 6. c3 {[%clk 1:27:43]} Bd6 {[%clk 1:27:57]} 7. Bd3
{[%clk 1:25:34]} O-O {[%clk 1:28:22]} 8. Qc2 {[%clk 1:25:32]} Re8+
{[%clk 1:25:47]} 9. Ne2 {[%clk 1:24:52]} h6 {[%clk 1:24:50]} 10. Be3
{[%clk 1:22:13]} Nd7 {[%clk 1:16:21]} 11. c4 {[%clk 1:18:38]} Nf8
{[%clk 1:16:07]} 12. O-O {[%clk 1:18:05]} Be6 {[%clk 1:15:55]} 13. Rad1
{[%clk 1:16:46]} Qd7 {[%clk 1:14:17]} 14. Ng3 {[%clk 1:09:53]} Bxg3
{[%clk 1:11:18]} 15. hxg3 {[%clk 1:08:34]} g5 {[%clk 1:04:49]} 16. Qc3
{[%clk 1:03:40]} Kg7 {[%clk 1:00:44]} 17. b3 {[%clk 1:01:41]} Bf5
{[%clk 0:59:48]} 18. Bc1 {[%clk 1:00:06]} Bxd3 {[%clk 0:59:40]} 19. Rxd3
{[%clk 0:59:56]} Ng6 {[%clk 0:59:21]} 20. Bb2 {[%clk 0:58:16]} Qf5
{[%clk 0:59:05]} 21. Rf3 {[%clk 0:56:56]} Qe4 {[%clk 0:57:55]} 22. d5
{[%clk 0:55:32]} Ne5 {[%clk 0:57:21]} 23. Re3 {[%clk 0:55:23]} Qf5
{[%clk 0:54:29]} 24. d6 {[%clk 0:54:10]} Qg6 {[%clk 0:53:45]} 25. Rfe1
{[%clk 0:53:51]} Red8 {[%clk 0:48:01]} 26. c5 {[%clk 0:51:23]} b6
{[%clk 0:47:56]} 27. b4 {[%clk 0:51:36]} bxc5 28. bxc5 {[%clk 0:51:44]} Rab8
{[%clk 0:46:44]} 29. Ba1 {[%clk 0:51:42]} Rb1 {[%clk 0:46:18]} 30. Rxb1
{[%clk 0:51:11]} Qxb1+ {[%clk 0:46:46]} 31. Re1 {[%clk 0:51:13]} Qxa2
{[%clk 0:47:06]} 32. Rxe5 {[%clk 0:50:58]} fxe5 {[%clk 0:47:18]} 33. Qxe5+
{[%clk 0:51:22]} f6 {[%clk 0:47:43]} 34. Qxf6+ {[%clk 0:51:46]} 1-0

[Event "EUYCC 2024 U10"]
[Site "?"]
[Date "2024.08.09"]
[Round "5.7"]
[White "Fattori Dittmar, Luca"]
[Black "Hlavacek, Pavel"]
[Result "1-0"]
[BlackElo "1583"]
[WhiteElo "1580"]
[LiveChessVersion "1.4.8"]

1. e4 {[%clk 1:30:58]} c6 {[%clk 1:30:54]} 2. d4 {[%clk 1:31:07]} d5
{[%clk 1:31:12]} 3. e5 {[%clk 1:31:09]} Bf5 {[%clk 1:31:30]} 4. Nc3
{[%clk 1:31:05]} e6 {[%clk 1:29:40]} 5. g4 {[%clk 1:31:20]} Bg6 {[%clk 1:27:13]}
6. Nge2 {[%clk 1:31:21]} c5 {[%clk 1:25:49]} 7. h4 {[%clk 1:30:46]} h5
{[%clk 1:25:01]} 8. Nf4 {[%clk 1:31:07]} Bh7 {[%clk 1:24:45]} 9. g5
{[%clk 1:30:55]} Bf5 {[%clk 1:13:51]} 10. Bd3 {[%clk 1:27:13]} Bxd3
{[%clk 1:10:00]} 11. Qxd3 {[%clk 1:26:29]} c4 {[%clk 1:05:51]} 12. Qg3
{[%clk 1:24:35]} g6 {[%clk 1:01:03]} 13. Ng2 {[%clk 1:20:10]} Nc6
{[%clk 0:54:13]} 14. Qf4 {[%clk 1:20:04]} Qb6 {[%clk 0:44:55]} 15. Ne2
{[%clk 1:18:07]} a6 {[%clk 0:31:57]} 16. c3 {[%clk 1:18:09]} Qc7 {[%clk 0:30:05]}
17. Rh3 {[%clk 1:15:07]} b5 {[%clk 0:24:05]} 18. Rf3 {[%clk 1:14:16]} Rh7
{[%clk 0:22:54]} 19. Ne3 {[%clk 1:13:40]} b4 {[%clk 0:21:14]} 20. Kf1
{[%clk 1:09:33]} Rb8 {[%clk 0:20:17]} 21. Kg2 {[%clk 1:07:04]} a5
{[%clk 0:19:44]} 22. Bd2 {[%clk 1:03:12]} a4 {[%clk 0:18:37]} 23. Qg3
{[%clk 0:55:50]} a3 {[%clk 0:17:59]} 24. bxa3 {[%clk 0:44:20]} b3
{[%clk 0:17:59]} 25. axb3 {[%clk 0:42:03]} cxb3 {[%clk 0:18:22]} 26. c4
{[%clk 0:40:26]} b2 {[%clk 0:08:57]} 27. Rb1 {[%clk 0:40:39]} Nce7
{[%clk 0:07:04]} 28. cxd5 {[%clk 0:40:07]} Nxd5 {[%clk 0:06:34]} 29. Nxd5
{[%clk 0:39:58]} exd5 {[%clk 0:06:56]} 30. Rc3 {[%clk 0:39:32]} Qd8
{[%clk 0:04:47]} 31. Nf4 {[%clk 0:36:05]} Rb7 {[%clk 0:02:26]} 32. Qh3
{[%clk 0:35:47]} Ne7 {[%clk 0:02:02]} 33. e6 {[%clk 0:35:19]} fxe6
{[%clk 0:01:56]} 34. Nxe6 {[%clk 0:32:37]} Qd7 {[%clk 0:02:07]} 35. Nxf8
{[%clk 0:32:54]} Qxh3+ {[%clk 0:02:32]} 36. Kxh3 {[%clk 0:33:15]} Kxf8
{[%clk 0:02:50]} 37. Rc2 {[%clk 0:33:13]} Nf5 {[%clk 0:02:50]} 38. Bb4+
{[%clk 0:31:56]} Kg8 {[%clk 0:02:37]} 39. Bc5 {[%clk 0:31:58]} Rhf7
{[%clk 0:02:19]} 40. Rcxb2 {[%clk 0:32:01]} Rxb2 {[%clk 0:02:29]} 41. Rxb2
{[%clk 0:32:22]} Kg7 {[%clk 0:02:27]} 42. a4 {[%clk 0:32:11]} Ne7
{[%clk 0:02:21]} 43. Bxe7 {[%clk 0:32:05]} Rxe7 {[%clk 0:02:43]} 44. Rb5
{[%clk 0:32:11]} Re2 {[%clk 0:02:52]} 45. Kg3 {[%clk 0:32:23]} Ra2
{[%clk 0:03:14]} 46. a5 {[%clk 0:32:10]} Kf7 {[%clk 0:03:10]} 47. Rxd5
{[%clk 0:32:13]} Ke6 {[%clk 0:03:31]} 48. Rb5 {[%clk 0:32:05]} Ra3+
{[%clk 0:03:40]} 49. f3 {[%clk 0:31:59]} Ra4 {[%clk 0:03:58]} 50. Rb6+
{[%clk 0:31:31]} Kf7 {[%clk 0:04:21]} 51. a6 {[%clk 0:31:10]} Rxd4
{[%clk 0:04:17]} 52. a7 {[%clk 0:31:18]} Ra4 {[%clk 0:04:39]} 53. Rb7+
{[%clk 0:31:37]} Ke6 {[%clk 0:05:03]} 54. Kf2 {[%clk 0:31:27]} Ke5
{[%clk 0:04:32]} 55. Rg7 {[%clk 0:31:30]} Kf4 {[%clk 0:04:40]} 56. Rf7+
{[%clk 0:31:16]} Ke5 {[%clk 0:04:48]} 57. Rf6 {[%clk 0:31:24]} Rxa7
{[%clk 0:05:10]} 58. Rxg6 {[%clk 0:31:35]} Ra2+ {[%clk 0:05:22]} 59. Kg3
{[%clk 0:31:45]} Ra1 {[%clk 0:05:23]} 60. Rh6 {[%clk 0:31:42]} Rg1+
{[%clk 0:05:43]} 61. Kh2 {[%clk 0:31:55]} Rf1 {[%clk 0:05:59]} 62. Kg2
{[%clk 0:32:19]} Ra1 {[%clk 0:06:22]} 63. Rxh5 {[%clk 0:32:20]} Kf4
{[%clk 0:06:43]} 64. g6 {[%clk 0:32:19]} Ra2+ {[%clk 0:07:07]} 65. Kh3
{[%clk 0:31:03]} Kxf3 {[%clk 0:07:26]} 66. g7 {[%clk 0:30:49]} Ra1
{[%clk 0:07:35]} 67. Rf5+ {[%clk 0:31:03]} Ke4 {[%clk 0:07:54]} 68. g8=Q
{[%clk 0:31:00]} Kxf5 {[%clk 0:08:15]} 69. Qf7+ {[%clk 0:31:09]} Ke4
{[%clk 0:08:33]} 70. Qe6+ {[%clk 0:31:20]} Kd3 {[%clk 0:08:34]} 71. h5
{[%clk 0:31:12]} Rh1+ {[%clk 0:08:51]} 72. Kg2 {[%clk 0:31:22]} Ra1
{[%clk 0:09:05]} 73. h6 {[%clk 0:31:33]} Ra7 {[%clk 0:09:04]} 74. Qg6+
{[%clk 0:31:42]} Kc4 {[%clk 0:08:43]} 75. h7 {[%clk 0:31:37]} Ra2+
{[%clk 0:09:08]} 76. Kh3 {[%clk 0:31:50]} Ra3+ {[%clk 0:09:32]} 77. Qg3
{[%clk 0:32:10]} 1-0

[Event "EUYCC 2024 U10"]
[Site "?"]
[Date "2024.08.09"]
[Round "5.8"]
[White "Lobina, Thomas"]
[Black "Hroch, Pavel"]
[Result "0-1"]
[BlackElo "1665"]
[WhiteElo "1793"]
[LiveChessVersion "1.4.8"]

1. e4 {[%clk 1:30:58]} e5 {[%clk 1:29:10]} 2. Nf3 {[%clk 1:29:40]} Nc6
{[%clk 1:25:49]} 3. Bc4 {[%clk 1:30:01]} Bc5 {[%clk 1:24:48]} 4. d3
{[%clk 1:29:03]} Nf6 {[%clk 1:20:32]} 5. c3 {[%clk 1:29:09]} d6 {[%clk 1:19:11]}
6. Bb3 {[%clk 1:29:13]} Qe7 {[%clk 1:17:08]} 7. Bg5 {[%clk 1:21:35]} Be6
{[%clk 1:15:30]} 8. Nbd2 {[%clk 1:20:55]} O-O-O {[%clk 1:08:11]} 9. Bxe6+
{[%clk 1:13:20]} Qxe6 {[%clk 1:04:43]} 10. b4 {[%clk 1:12:23]} Bb6
{[%clk 1:02:38]} 11. a4 {[%clk 1:07:42]} a5 {[%clk 0:59:24]} 12. b5
{[%clk 1:00:02]} Ne7 {[%clk 0:56:35]} 13. c4 {[%clk 0:56:00]} h6 {[%clk 0:52:21]}
14. Be3 {[%clk 0:50:34]} Bxe3 {[%clk 0:48:03]} 15. fxe3 {[%clk 0:50:28]} b6
{[%clk 0:40:17]} 16. h3 {[%clk 0:40:46]} Nd7 {[%clk 0:37:04]} 17. Qc2
{[%clk 0:37:06]} f5 {[%clk 0:36:23]} 18. exf5 {[%clk 0:27:43]} Qxf5
{[%clk 0:31:34]} 19. Nb3 {[%clk 0:26:54]} Nc5 {[%clk 0:29:06]} 20. Nxc5
{[%clk 0:26:49]} dxc5 21. O-O-O {[%clk 0:26:00]} Rd7 {[%clk 0:28:06]} 22. Rhf1
{[%clk 0:23:53]} Rhd8 {[%clk 0:27:07]} 23. g4 {[%clk 0:18:33]} Qf6
{[%clk 0:24:50]} 24. Ne1 {[%clk 0:12:52]} Qxf1 {[%clk 0:24:36]} 0-1

[Event "EUYCC 2024 U10"]
[Site "?"]
[Date "2024.08.09"]
[Round "5.10"]
[White "Komogortsev, Petra"]
[Black "Holik, Ondrej"]
[Result "0-1"]
[BlackElo "1701"]
[WhiteElo "1723"]
[LiveChessVersion "1.4.8"]

1. d4 {[%clk 1:30:52]} d5 {[%clk 1:30:50]} 2. c4 {[%clk 1:30:56]} e6
{[%clk 1:31:12]} 3. Nc3 {[%clk 1:31:05]} Nf6 {[%clk 1:31:01]} 4. cxd5
{[%clk 1:31:03]} exd5 {[%clk 1:29:55]} 5. Bg5 {[%clk 1:30:36]} c6
{[%clk 1:30:09]} 6. e3 {[%clk 1:30:36]} h6 {[%clk 1:30:23]} 7. Bh4
{[%clk 1:30:37]} Be7 {[%clk 1:30:07]} 8. Bd3 {[%clk 1:30:35]} O-O
{[%clk 1:30:01]} 9. Nf3 {[%clk 1:29:14]} Re8 {[%clk 1:29:34]} 10. O-O
{[%clk 1:28:12]} Nbd7 {[%clk 1:29:32]} 11. Qc2 {[%clk 1:26:51]} b5
{[%clk 1:29:09]} 12. a3 {[%clk 1:23:19]} a5 {[%clk 1:28:52]} 13. Rfe1
{[%clk 1:20:48]} Bb7 {[%clk 1:28:59]} 14. h3 {[%clk 1:14:46]} Nb6
{[%clk 1:29:12]} 15. Bg3 {[%clk 1:12:58]} Nh5 {[%clk 1:27:36]} 16. Bh2
{[%clk 1:12:22]} Nf6 {[%clk 1:27:03]} 17. Rec1 {[%clk 1:05:32]} Bd6 18. Ne5
{[%clk 0:59:11]} Bxe5 {[%clk 1:22:38]} 19. Bxe5 {[%clk 0:58:15]} Nc4
{[%clk 1:22:23]} 20. Bh2 {[%clk 0:57:33]} Qe7 {[%clk 1:20:57]} 21. Re1
{[%clk 0:54:59]} b4 {[%clk 1:20:29]} 22. axb4 {[%clk 0:50:22]} axb4
{[%clk 1:20:40]} 23. Na4 {[%clk 0:48:53]} Nd7 {[%clk 1:18:25]} 24. Bxc4
{[%clk 0:46:29]} dxc4 {[%clk 1:18:34]} 25. Qxc4 {[%clk 0:46:23]} Rxa4
{[%clk 1:18:37]} 26. Rxa4 {[%clk 0:45:58]} Nb6 {[%clk 1:18:41]} 27. Qxb4
{[%clk 0:45:06]} Nxa4 {[%clk 1:18:52]} 28. Qxa4 {[%clk 0:45:15]} Qe4
{[%clk 1:18:24]} 29. f3 {[%clk 0:40:02]} Qd3 {[%clk 1:17:34]} 30. Qa3
{[%clk 0:38:08]} Qg6 {[%clk 1:15:35]} 31. Qd6 {[%clk 0:36:22]} Qf5
{[%clk 1:13:42]} 32. e4 {[%clk 0:34:32]} Qb5 {[%clk 1:12:25]} 33. Qa3
{[%clk 0:29:46]} Ra8 {[%clk 1:11:33]} 34. Qc3 {[%clk 0:29:33]} Ra2
{[%clk 1:10:44]} 35. Rb1 {[%clk 0:29:04]} Qa4 {[%clk 1:05:55]} 36. Bd6
{[%clk 0:27:09]} Qb5 {[%clk 1:02:52]} 37. Ba3 {[%clk 0:25:58]} Ba6
{[%clk 1:01:37]} 38. Rc1 {[%clk 0:24:13]} Bb7 {[%clk 0:59:07]} 39. Qc4
{[%clk 0:23:45]} Qxc4 {[%clk 0:59:10]} 40. Rxc4 {[%clk 0:23:54]} Ra1+
{[%clk 0:59:22]} 41. Kf2 {[%clk 0:23:44]} h5 {[%clk 0:57:52]} 42. Rc2
{[%clk 0:23:14]} h4 {[%clk 0:57:12]} 43. Rd2 {[%clk 0:21:52]} Ba6
{[%clk 0:57:03]} 44. d5 {[%clk 0:21:31]} Rf1+ {[%clk 0:56:49]} 45. Ke3
{[%clk 0:21:51]} cxd5 {[%clk 0:56:47]} 46. exd5 {[%clk 0:22:10]} Re1+
{[%clk 0:56:49]} 47. Kf4 {[%clk 0:22:28]} f6 {[%clk 0:56:16]} 48. d6
{[%clk 0:20:15]} Re5 {[%clk 0:55:00]} 49. d7 {[%clk 0:19:36]} g5+
{[%clk 0:55:06]} 50. Kg4 {[%clk 0:19:52]} Kg7 {[%clk 0:53:55]} 51. d8=Q
{[%clk 0:18:58]} Bc4 {[%clk 0:52:59]} 52. Rd7+ {[%clk 0:18:47]} Kg6
{[%clk 0:51:33]} 53. Rg7+ {[%clk 0:13:14]} Kxg7 {[%clk 0:51:11]} 54. Qc7+
{[%clk 0:12:46]} Kg6 {[%clk 0:50:26]} 55. Qxe5 {[%clk 0:12:56]} fxe5
{[%clk 0:50:23]} 56. f4 {[%clk 0:12:31]} Be2# {[%clk 0:50:30]} 0-1

[Event "EUYCC 2024 U10"]
[Site "?"]
[Date "2024.08.09"]
[Round "5.12"]
[White "Glon Tombi Ambassa, Hermione"]
[Black "Bartecek, David"]
[Result "1-0"]
[BlackElo "1411"]
[WhiteElo "1543"]
[LiveChessVersion "1.4.8"]

1. e4 {[%clk 1:30:56]} e5 {[%clk 1:30:59]} 2. Nf3 {[%clk 1:31:10]} Nc6
{[%clk 1:31:21]} 3. Bc4 {[%clk 1:31:22]} Bc5 {[%clk 1:31:00]} 4. c3
{[%clk 1:31:29]} Nf6 {[%clk 1:31:13]} 5. d3 {[%clk 1:31:47]} a5 {[%clk 1:31:21]}
6. Nbd2 {[%clk 1:29:09]} d6 {[%clk 1:31:22]} 7. h3 {[%clk 1:28:50]} O-O
{[%clk 1:30:43]} 8. Bb3 {[%clk 1:27:31]} Re8 {[%clk 1:30:44]} 9. O-O
{[%clk 1:27:00]} Be6 {[%clk 1:30:59]} 10. Bc2 {[%clk 1:26:06]} d5
{[%clk 1:30:21]} 11. Re1 {[%clk 1:23:09]} d4 {[%clk 1:30:26]} 12. c4
{[%clk 1:21:59]} Rb8 {[%clk 1:29:01]} 13. Ba4 {[%clk 1:21:02]} Bd7
{[%clk 1:28:21]} 14. a3 {[%clk 1:17:07]} Na7 {[%clk 1:28:14]} 15. Bxd7
{[%clk 1:16:15]} Qxd7 {[%clk 1:28:29]} 16. Nb3 {[%clk 1:14:53]} Bb6
{[%clk 1:28:05]} 17. c5 {[%clk 1:14:10]} a4 {[%clk 1:28:03]} 18. cxb6
{[%clk 1:14:14]} axb3 {[%clk 1:27:13]} 19. bxa7 {[%clk 1:14:16]} Ra8
{[%clk 1:27:19]} 20. Qxb3 {[%clk 1:11:55]} Rxa7 {[%clk 1:27:36]} 21. Bg5
{[%clk 1:09:56]} Re6 {[%clk 1:27:07]} 22. Bxf6 {[%clk 1:09:14]} Rxf6
{[%clk 1:26:44]} 23. Nxe5 {[%clk 1:08:58]} Qc8 {[%clk 1:25:50]} 24. Rac1
{[%clk 1:03:41]} Ra5 {[%clk 1:25:56]} 25. Nf3 {[%clk 1:02:01]} Rxf3
{[%clk 1:25:38]} 26. Kf1 {[%clk 0:52:29]} Rf6 {[%clk 1:24:50]} 27. Qb4
{[%clk 0:50:08]} Raa6 {[%clk 1:23:39]} 28. Qxd4 {[%clk 0:44:14]} Rad6
{[%clk 1:22:39]} 29. Qc3 {[%clk 0:42:59]} c6 {[%clk 1:22:24]} 30. e5
{[%clk 0:41:53]} Rxf2+ {[%clk 1:21:02]} 31. Kxf2 {[%clk 0:41:31]} Qf5+
{[%clk 1:21:25]} 32. Kg1 {[%clk 0:41:06]} Rxd3 {[%clk 1:21:30]} 33. Qa5
{[%clk 0:38:43]} h6 {[%clk 1:20:26]} 34. Rcd1 {[%clk 0:34:15]} Rg3
{[%clk 1:19:56]} 35. h4 {[%clk 0:24:50]} f6 {[%clk 1:19:39]} 36. Rd8+
{[%clk 0:21:29]} Kh7 {[%clk 1:19:08]} 37. Qa8 {[%clk 0:20:16]} Kg6
{[%clk 1:18:27]} 38. Qa4 {[%clk 0:15:18]} Kh7 {[%clk 1:15:27]} 39. Qe4
{[%clk 0:14:53]} Qxe4 {[%clk 1:15:12]} 40. Rxe4 {[%clk 0:15:15]} Kg6
{[%clk 1:15:20]} 41. e6 {[%clk 0:15:21]} f5 {[%clk 1:15:21]} 42. Re1
{[%clk 0:15:28]} f4 {[%clk 1:15:26]} 43. e7 {[%clk 0:15:48]} Kh7 {[%clk 1:15:02]}
44. e8=Q {[%clk 0:15:58]} f3 {[%clk 1:15:16]} 45. Qg8+ {[%clk 0:15:40]} Kg6
{[%clk 1:15:33]} 46. Re6+ {[%clk 0:15:47]} Kh5 {[%clk 1:15:23]} 47. Qf7+
{[%clk 0:15:34]} g6 {[%clk 1:15:39]} 48. Re5+ {[%clk 0:15:37]} Kxh4
{[%clk 1:15:42]} 49. Rd4+ {[%clk 0:15:45]} Rg4 {[%clk 1:15:44]} 50. Rxg4+
{[%clk 0:15:11]} Kxg4 {[%clk 1:16:02]} 51. Qxf3+ {[%clk 0:15:23]} Kh4
{[%clk 1:16:13]} 52. Qh3# {[%clk 0:15:19]} 1-0

[Event "EUYCC 2024 U10"]
[Site "?"]
[Date "2024.08.10"]
[Round "6.1"]
[White "Chalampuente, Victor"]
[Black "Mueller, Konstantin"]
[Result "0-1"]
[BlackElo "1835"]
[WhiteElo "1851"]
[LiveChessVersion "1.4.8"]

1. e4 {[%clk 1:30:50]} c5 {[%clk 1:30:52]} 2. c3 {[%clk 1:31:01]} Nf6
{[%clk 1:31:07]} 3. e5 {[%clk 1:31:16]} Nd5 {[%clk 1:31:31]} 4. d4
{[%clk 1:31:30]} cxd4 {[%clk 1:31:53]} 5. Nf3 {[%clk 1:31:51]} Nc6
{[%clk 1:31:56]} 6. Bc4 {[%clk 1:32:09]} Nb6 {[%clk 1:31:35]} 7. Bb3
{[%clk 1:32:25]} d6 {[%clk 1:30:30]} 8. exd6 {[%clk 1:32:26]} Qxd6
{[%clk 1:30:41]} 9. O-O {[%clk 1:32:45]} Be6 {[%clk 1:27:02]} 10. Na3
{[%clk 1:32:05]} a6 {[%clk 1:08:50]} 11. cxd4 {[%clk 1:19:41]} Bd5
{[%clk 1:03:47]} 12. Be3 {[%clk 1:17:30]} e6 {[%clk 1:03:23]} 13. Ne5
{[%clk 1:10:16]} Be7 {[%clk 0:58:54]} 14. Rc1 {[%clk 0:58:05]} O-O
{[%clk 0:52:56]} 15. Bf4 {[%clk 0:47:45]} Bxb3 {[%clk 0:40:11]} 16. axb3
{[%clk 0:41:25]} Nxe5 {[%clk 0:34:49]} 17. Bxe5 {[%clk 0:40:22]} Qd5
{[%clk 0:34:30]} 18. Nc4 {[%clk 0:34:24]} Nd7 {[%clk 0:27:46]} 19. Ne3
{[%clk 0:29:55]} Qb5 {[%clk 0:27:20]} 20. Bg3 {[%clk 0:29:47]} Nf6
{[%clk 0:26:48]} 21. Qf3 {[%clk 0:27:12]} Rac8 {[%clk 0:24:30]} 22. Nc4
{[%clk 0:26:22]} Qd5 {[%clk 0:23:41]} 23. Qd3 {[%clk 0:26:02]} Qe4
{[%clk 0:22:43]} 24. Qd2 {[%clk 0:22:36]} b5 {[%clk 0:20:16]} 25. Rfe1
{[%clk 0:21:33]} Qb7 {[%clk 0:20:03]} 26. Na5 {[%clk 0:17:27]} Qd7
{[%clk 0:20:09]} 27. b4 {[%clk 0:16:43]} Nd5 {[%clk 0:20:21]} 28. Rc5
{[%clk 0:15:35]} Bxc5 {[%clk 0:19:58]} 29. bxc5 {[%clk 0:15:32]} Ne7
{[%clk 0:19:37]} 30. Bd6 {[%clk 0:09:19]} Rfd8 {[%clk 0:19:28]} 31. Qg5
{[%clk 0:08:27]} Nf5 {[%clk 0:15:27]} 32. Be5 {[%clk 0:08:01]} Qe7
{[%clk 0:15:14]} 33. Qg4 {[%clk 0:06:35]} f6 {[%clk 0:14:55]} 34. Bg3
{[%clk 0:03:32]} Rxd4 {[%clk 0:14:39]} 35. Qf3 {[%clk 0:03:22]} Qxc5
{[%clk 0:13:48]} 36. Nb3 {[%clk 0:03:22]} Qb4 {[%clk 0:14:10]} 37. Rxe6
{[%clk 0:01:16]} Qxb3 {[%clk 0:14:07]} 38. Re8+ {[%clk 0:01:09]} Rxe8
{[%clk 0:14:00]} 39. Qxb3+ {[%clk 0:01:24]} Kf8 {[%clk 0:13:55]} 40. h3
{[%clk 0:01:20]} Re1+ {[%clk 0:13:42]} 41. Kh2 {[%clk 0:01:40]} Rdd1
{[%clk 0:14:01]} 42. Bd6+ {[%clk 0:01:39]} Nxd6 {[%clk 0:13:00]} 43. Qf3
{[%clk 0:01:06]} Ke7 {[%clk 0:11:15]} 44. Qg4 {[%clk 0:00:34]} g6
{[%clk 0:11:12]} 45. Qf3 {[%clk 0:00:32]} Rh1+ {[%clk 0:11:05]} 46. Kg3
{[%clk 0:00:57]} Nf5+ {[%clk 0:11:29]} 0-1